000 00807nam a2200193 a 4500
008 090217s2001 ||||||||||||||||| || u
020 _a0749434651
050 _aLB 2341 Eva
100 _aGill, Jaswinder
245 1 0 _aUniversities & students: a guide to rights, responsibilities & practical remedies
_cG. R. Evans and Jaswinder Gill
260 _aLondon:
_bKogan Page
_c2001
300 _ax, 181p.: ill.
350 _a0.00
650 _aMANAGEMENT INFORMATION SYSTEMS
650 _aUNIVERSITIES AND COLLEGES--ADMINISTRATION
650 _aUNIVERSITIES AND COLLEGES--STUDENT POLICY, LAW AND LEGISTLATION
700 _aEvans, G. R
995 _D0.00
_FCBU-MAIN LIBRARY (Kitwe)
_H1
_I0.00
_M1
_UAVAILABLE
_WMar 6, 2009
_ZMain Library Open Access Collection
999 _c60886
_d60886